000 00587 a2200181 4500
999 _c5693
_d5693
010 _aENG-86968
020 _a8184240759
_c825.00
035 _aEN-70501
037 _bDBAD / PUB
082 1 4 _a306.7663
245 1 _aLesbian voices :
_bCanada & the world theory, literature, cinema /
_ced. by Subhash Chandra
260 _aNew Delhi
_bAllied Publishers
_c2006
270 _a1/13-14 Asaf Ali Road
_bNew Delhi
_e110 002
_k011-23239001
300 _axii, 311p.
_c24 cm (Hb)
500 _aIncludes index
700 1 _aSubhash Chandra
942 _adpl
_cEN
_2ddc
_h306.7663
_mLES